000 00467nam a2200205Ia 4500
003 OSt
005 20251231122011.0
008 210210b2001 xxu||||| |||| 00| 0 eng d
020 _a8171674259
040 _cAL
041 _aeng
082 _a823.7 AUSC
100 _aJane Austen
_9249800
245 _aComplete novels
260 _aNew Delhi
_bRupa & Co
_c2001
300 _a1364p
690 _aEnglish Fiction
_9249801
906 _a056824
942 _2ddc
_cBK
999 _c104416
_d104416